Leader xxxxxxxxxx
001 __ PCLIS00056332
005 __ 20221115155337.37
010 0_ |a978-986-97568-7-7|b平裝|dNT$350
100 __ |a20221115d2022 m y0chiy09 e
101 0_ |achi
102 __ |atw
105 __ |aa r 000yy
200 1_ |a新編古典今看|f王溢嘉著
205 __ |a初版
210 __ |a臺北市|c有鹿文化出版|c紅螞蟻圖書總經銷|d2019.08[民108]
215 0_ |a302面|c圖, 表|d21公分
225 1_ |a看世界的方法|v156
330 __ |a\#鄉民古文新解始祖 aka #古人的精神分析心理醫生。王溢嘉重新編增,經典再推《新編古典今看》,一起翻轉角度倒著、躺著、歪著玩讀中國古典文學!法海、林黛玉、潘金蓮、諸葛孔明、薛丁山……如果把這些古典文學中的人物丟到現代看,他們可能是──抖M?媽寶?控制狂?道德魔人?直升機父母?不安全感情人?也可能有──厭女情結?包青天情結?伊底帕斯情結?新編版增補亮點:《包公案》── 現代官場現形記;《金瓶梅》── 潘金蓮抖M人格剖析;《白蛇傳》──蛇精故事的形變與質變;〈楓橋夜泊〉、〈慈烏夜啼〉──浪漫詩意後的現實世界。《古典今看──從孔明到潘金蓮》於一九八九年初版,王溢嘉從「現代精神分析」的角度出發,運用社會生物學、意識進化論、性醫學、超心理學、人類學與腦神經生理學等知識體系,解讀「中學」,為中國古典文學解析翻掀了新穎的一頁。《新編古典今看》增補對文學進化論的看法、古人的親子關係與自我認同的糾葛纏縛、現代官場特有的「包青天情結」,並跨越文學之界,別裁、玩解唐詩。
422 _1 |12001 |a古典今看|e從孔明到潘金蓮
606 __ |2cst|a小說
606 __ |2cst|a文學評論
681 __ |a827|b8434
700 _1 |a王|b溢嘉|f1950- |4著
801 _0 |atw|b內湖高中|c20221115|gCCR
|